| 000 | 00577nam a22001817a 4500 | ||
|---|---|---|---|
| 005 | 20231124090832.0 | ||
| 008 | 231124b |||||||| |||| 00| 0 eng d | ||
| 020 | _a9780702181924 | ||
| 041 | _aEnglish | ||
| 082 | _a341 RAM | ||
| 100 |
_aRamsden, P _lEnglish |
||
| 245 |
_aThe Law of Arbitration : _bSouth African and International Arbitration / _cP Ramsden |
||
| 250 | _aFirst Edition | ||
| 260 |
_aCape Town : _bJuta and Company Ltd, _c2009 |
||
| 300 |
_blxii, 334 pages ; _c25 cm. |
||
| 650 |
_aLegal practice _bLaw |
||
| 942 |
_cBK _6ALISON_BN_VRIES |
||
| 999 |
_c932 _d932 |
||